Les PNJs de Terraria - Statistiques

Statistiques générales
  • Ce quiz a été pris 36 fois
    34 depuis la dernière actualisation
  • Le résultat moyen est 16 sur 32
Statistiques - réponses
Pré- Hardmode % Correct
6 Guide
100%
32 Lapin
75%
9 Marchand
75%
13 Pêcheur
67%
31 Chat
63%
30 Chien
63%
2 Dryade
63%
4 Gobelin bricoleur
63%
7 Infirmière
63%
23 Magicien
58%
18 Teinturier
58%
26 Pirate
54%
27 Princesse
54%
22 Cyborg
50%
14 Peintre
50%
1 Démolisseur
46%
5 Golfeur
46%
29 Truffe
46%
10 Marchand ambulant
42%
12 Mécano
42%
17 Tavernier
42%
21 Zoologiste
42%
8 Marabout
38%
25 Père Noël
38%
19 Vendeur d'armes
38%
3 Fêtarde
33%
15 Styliste
33%
24 Percepteur d'impôts
29%
28 Steampunker
29%
16 Tailleur
25%
20 Vieil homme
17%
11 Marchand squelette
13%
Aucun quiz correspondant
Distribution des résultats
% des personnes avec chaque résultat
Percentile par nombre de réponses
Votre historique - résultats
Vous n’avez pas pris ce quiz depuis la dernière actualisation